Detalles MARC
| 000 -CABECERA |
| campo de control de longitud fija |
01241nam a2200205 a 4500 |
| 001 - NÚMERO DE CONTROL |
| campo de control |
000029180 |
| 005 - FECHA Y HORA DE LA ÚLTIMA TRANSACCIÓN |
| campo de control |
20200930055359.0 |
| 008 - DATOS DE LONGITUD FIJA--INFORMACIÓN GENERAL |
| campo de control de longitud fija |
110414s2008 dr 000 0 spa d |
| 020 ## - NÚMERO INTERNACIONAL ESTÁNDAR DEL LIBRO |
| Número Internacional Estándar del Libro |
9789945865189 |
| 040 ## - FUENTE DE LA CATALOGACIÓN |
| Centro catalogador/agencia de origen |
DO-SdBNP |
| Lengua de catalogación |
spa |
| Centro/agencia transcriptor |
BNPHU |
| 049 ## - FONDOS LOCALES (OCLC) |
| Fondos de biblioteca |
BNPD |
| 111 2# - ENTRADA PRINCIPAL--NOMBRE DE CONGRESO/REUNIÓN |
| Nombre de congreso/reunión o jurisdicción como elemento de entrada |
Foro de mujeres por la reforma constitucional de la República Dominicana |
| 9 (RLIN) |
56100 |
| 245 13 - MENCIÓN DE TÍTULO |
| Título |
La constitución que queremos las mujeres / |
| Mención de responsabilidad, etc. |
María Elena Reyes Meléndez; Mirta Rodríguez Calderón. |
| 260 ## - PUBLICACIÓN, DISTRIBUCIÓN, ETC. |
| Lugar de publicación, distribución, etc. |
Santo Domingo : |
| Nombre del editor, distribuidor, etc. |
Intermón Oxfam |
| -- |
Friedrich Ebert Stiftung, |
| Fecha de publicación, distribución, etc. |
2008. |
| 300 ## - DESCRIPCIÓN FÍSICA |
| Extensión |
18 p. : |
| Otras características físicas |
il. ; |
| Dimensiones |
28 cm. |
| 500 ## - NOTA GENERAL |
| Nota general |
La biblioteca posee el cuaderno No.2 y No.3 |
| 505 0# - NOTA DE CONTENIDO CON FORMATO |
| Información miscelánea |
El cuaderno 1 |
| Título |
Está dedicado a los principios de igualdad, de no discriminación y los derechos fundamentales |
| Información miscelánea |
El cuaderno 2 |
| Título |
Aborda el principio de derechos humanos como marco general para nuestros derechos como personas, y las obligaciones que tiene el Estado de respetar los tratados internacionales de derechos humanos |
| Información miscelánea |
El cuaderno 3 |
| Título |
Está dedicado a los derechos sexuales y los derechos reproductivos así como al derecho a vivir una vida libre de violencia de género |
| 700 1# - PUNTO DE ACCESO ADICIONAL--NOMBRE DE PERSONA |
| Nombre de persona |
Reyes Meléndez, María Elena |
| 9 (RLIN) |
53331 |
| 700 1# - PUNTO DE ACCESO ADICIONAL--NOMBRE DE PERSONA |
| Nombre de persona |
Rodríguez Calderón, Mirta |
| 9 (RLIN) |
38496 |